| 000 | 00562nam a22001937a 4500 | ||
|---|---|---|---|
| 003 | OSt | ||
| 005 | 20250521130120.0 | ||
| 008 | 250521b |||||||| |||| 00| 0 eng d | ||
| 020 | _a9781506350455 | ||
| 040 | _crda | ||
| 100 |
_aAdams, Kathrynn A.., _eauthor _9809195 |
||
| 245 |
_aResearch Methods, Statistics, and Applications _cby Kathrynn A. Adams and Eva K. Lawrence |
||
| 260 |
_aNew Delhi: _bSage, _c2019. |
||
| 300 | _axxv,646p. | ||
| 650 | _2Statistics | ||
| 650 | _2Research | ||
| 700 |
_aLawrence, Eva K.., _eauthor _9809196 |
||
| 942 |
_2CC _cGB _n0 |
||
| 999 |
_c1428950 _d1428950 |
||